00488nam a2200133Ia 4500008004100000100002700041245003500068260003000103300000800133650000800141942001200149999001300161952018000174191201s2012 xx 000 0 und d aTHAKUR, Rajesh chandra 0aDiplomacy: Theory and Practice aN. DelhibVikas Pubc2012 a188 aMBA 2ddccBK c261d261 00102ddc40708MBAaPIETbPIETd2017-08-05eDonated by Dr.Pooja Walia kDonated by Dr.Pooja Walia l0p29546r2019-12-04 00:00:00w2017-05-01yBKzDonated by Dr.Pooja Walia